| 000 | 00318nam a22001217a 4500 | ||
|---|---|---|---|
| 020 | _a032124592x | ||
| 082 |
_222 _a005.7137682 |
||
| 100 | _aSchnoll, Scott. | ||
| 245 | _aMicrosoft exchange server 2003 distilled / | ||
| 260 |
_aUSA, _bAddison Wesley, _cc2004. |
||
| 300 |
_axxi, 564p. ; _bill. ; _c23 cm. |
||
| 942 |
_2ddc _cIT |
||
| 999 |
_c2454 _d2454 |
||